| 000 | 00694nam a2200181Ia 4500 | ||
|---|---|---|---|
| 008 | 090630s9999 xx 000 0 und d | ||
| 082 | _b8274 | ||
| 100 | _aमडकईकर भालचंद्र. | ||
| 245 |
_aमरणांत खरोखर जग जगते. _cमडकईकर भालचंद्र. |
||
| 260 |
_bरामकृष्ण. _c1960 |
||
| 300 | _a76 | ||
| 600 | _aमडकईकर भालचंद्र. | ||
| 630 | _aमरणांत खरोखर जग जगते. | ||
| 655 | _aनाटक. | ||
| 700 | _aमडकईकर भालचंद्र. | ||
| 730 | _aमरणांत खरोखर जग जगते. | ||
| 942 | _cBOOK | ||
| 999 |
_c260130 _d260130 |
||